Tilastot visalle Ranskan naapurimaat

Klikkaa tästä pelataksesi tätä visaa!

Yleistilastot

  • Tätä visaa on pelattu 2 017 kertaa
  • Keskiarvotulos 9 / 10

Vastaustilastot

Rajan pituusValtio% Oikein
623 kmEspanja
99%
451 kmSaksa
97%
620 kmBelgia
95%
573 kmSveitsi
94%
488 kmItalia
93%
73 kmLuxemburg
90%
57 kmAndorra
89%
4 kmMonaco
87%
673 kmBrasilia
64%
510 kmSuriname
59%

Tulosjakauma

Persentiili vastausten määrän mukaan

Jokaisen tuloksen saaneiden osuus

Tuloshistoriasi

Et ole pelannut tätä visaa